[Event "Deizisau Autumn op 17th"]
[Site "Deizisau"]
[Date "2023.10.28"]
[Round "3"]
[White "Gheng, Josef"]
[Black "Notz, Lukas"]
[Result "1/2-1/2"]
[WhiteElo "2224"]
[BlackElo "1932"]
[PlyCount "78"]
[EventDate "2023.10.27"]
[EventType "swiss"]
[EventRounds "7"]
[EventCountry "GER"]
[SourceTitle "Mega2024 Update 01"]
[Source "Chessbase"]
[SourceDate "2023.11.12"]
[SourceVersion "1"]
[SourceVersionDate "2023.11.12"]
[SourceQuality "1"]

1. c4 e5 2. g3 Nf6 3. Bg2 d5 4. cxd5 Nxd5 5. Nc3 Nb6 6. Nf3 Nc6 7. 0-0 Be7 8. a3 Be6 9. b4 f6 10. d3 0-0 11. Bb2 Qd7 12. Nd2 Bh3 13. Rc1 Bxg2 14. Kxg2 a5 15. b5 Nd4 16. Nc4 Nxc4 17. dxc4 Rad8 18. e3 Ne6 19. Qxd7 Rxd7 20. Rfd1 Rfd8 21. Rd5 Nc5 22. Rcd1 c6 23. Rxd7 Rxd7 24. Rxd7 Nxd7 25. bxc6 bxc6 26. Na4 Nc5 27. Nxc5 Bxc5 28. a4 Kf7 29. Kf3 Bb4 30. e4 Ke6 31. Ke2 Kd6 32. Kd3 c5 33. f4 Ke6 34. Ke3 g5 35. Kf3 h5 36. h3 Bd2 37. fxg5 fxg5 38. Ba3 Bb4 39. Bc1 Kf6 1/2-1/2

[Event "Stuttgart-chA op"]
[Site "Ditzingen"]
[Date "2015.05.17"]
[Round "7"]
[White "Notz, Lukas"]
[Black "Montigel, Philipp"]
[Result "1/2-1/2"]
[WhiteElo "1849"]
[BlackElo "2117"]
[PlyCount "31"]
[EventDate "2015.05.14"]
[EventType "swiss"]
[EventRounds "7"]
[EventCountry "GER"]
[SourceTitle "EXT 2018"]
[Source "ChessBase"]
[SourceDate "2017.10.13"]
[SourceVersion "1"]
[SourceVersionDate "2017.10.13"]
[SourceQuality "1"]

1. c4 b6 2. Nc3 e6 3. e4 Bb7 4. g3 c5 5. Bg2 d6 6. Nge2 Nc6 7. 0-0 Nf6 8. d3 Be7 9. h3 0-0 10. f4 a6 11. a4 Qc7 12. g4 Rfd8 13. Ng3 Nb4 14. g5 Nd7 15. b3 d5 16. cxd5 1/2-1/2

[Event "Stuttgart-chB int"]
[Site "Ditzingen"]
[Date "2014.05.29"]
[Round "3"]
[White "Dallinger, Moritz"]
[Black "Notz, Lukas"]
[Result "0-1"]
[WhiteElo "1544"]
[BlackElo "1743"]
[PlyCount "84"]
[EventDate "2014.05.29"]
[EventType "swiss"]
[EventRounds "7"]
[EventCountry "GER"]
[SourceTitle "EXT 2015"]
[Source "ChessBase"]
[SourceDate "2014.11.20"]
[SourceVersion "1"]
[SourceVersionDate "2014.11.20"]
[SourceQuality "1"]

1. e4 c6 2. d4 d5 3. exd5 cxd5 4. Nc3 Nf6 5. Nf3 Bg4 6. h3 Bxf3 7. Qxf3 e6 8. Bg5 Be7 9. 0-0-0 a6 10. Kb1 b5 11. a3 Nbd7 12. g3 h6 13. Bc1 Nb6 14. Na2 Nc4 15. b3 Nd6 16. Nb4 Qb6 17. Qc3 Rc8 18. Qb2 Nde4 19. c4 bxc4 20. bxc4 a5 21. c5 Qb8 22. Nd3 Nc3+ 23. Kc2 Qxb2+ 24. Bxb2 Nxd1 25. Kxd1 Ne4 26. g4 Rb8 27. f3 Nf2+ 28. Nxf2 Rxb2 29. Nd3 Ra2 30. Kc1 Bf6 31. Kb1 Rxa3 32. Kb2 Rxd3 33. Bxd3 Bxd4+ 34. Kb3 Bxc5 35. Rc1 Be7 36. f4 0-0 37. Rc7 Bd6 38. Ra7 Bxf4 39. Rxa5 g6 40. h4 Rc8 41. h5 gxh5 42. gxh5 Kg7 0-1

[Event "Stuttgart-chB int"]
[Site "Ditzingen"]
[Date "2014.05.29"]
[Round "2"]
[White "Notz, Lukas"]
[Black "Thakkar, Amish"]
[Result "1-0"]
[WhiteElo "1743"]
[BlackElo "1585"]
[PlyCount "99"]
[EventDate "2014.05.29"]
[EventType "swiss"]
[EventRounds "7"]
[EventCountry "GER"]
[SourceTitle "EXT 2015"]
[Source "ChessBase"]
[SourceDate "2014.11.20"]
[SourceVersion "1"]
[SourceVersionDate "2014.11.20"]
[SourceQuality "1"]

1. d4 Nf6 2. c4 g6 3. Nc3 Bg7 4. e4 d6 5. Be2 e5 6. d5 Na6 7. Be3 0-0 8. f3 Qe7 9. Qd2 Nd7 10. g4 Ndc5 11. h4 f5 12. gxf5 gxf5 13. Bh6 f4 14. Bxg7 Qxg7 15. 0-0-0 Kh8 16. Nh3 Bxh3 17. Rxh3 Qg2 18. Rhh1 Rg8 19. Rdf1 Nb4 20. Nb5 Nba6 21. Qe1 Qg3 22. Rhg1 Qxe1+ 23. Rxe1 Nb4 24. Kd2 a6 25. Nxc7 Rac8 26. Rxg8+ Kxg8 27. a3 Rxc7 28. axb4 Nb3+ 29. Kc3 Nd4 30. Rg1+ Kf8 31. Bd1 b5 32. b3 Kf7 33. h5 bxc4 34. bxc4 Nb5+ 35. Kd3 Nd4 36. h6 Kf6 37. Rg8 Rb7 38. Kc3 Rc7 39. Ra8 Kg6 40. Rxa6 Kxh6 41. Rxd6+ Kg5 42. Rd8 h5 43. Rg8+ Kf6 44. c5 Rh7 45. d6 h4 46. Ba4 h3 47. d7 Ne6 48. c6 Kf7 49. Bb3 h2 50. d8Q 1-0

[Event "Stuttgart-chB int"]
[Site "Ditzingen"]
[Date "2013.05.09"]
[Round "1"]
[White "Zeitler, Waldemar"]
[Black "Notz, Lukas"]
[Result "1-0"]
[WhiteElo "1523"]
[BlackElo "1757"]
[PlyCount "59"]
[EventDate "2013.05.09"]
[EventType "swiss"]
[EventRounds "7"]
[EventCountry "GER"]
[SourceTitle "EXT 2014"]
[Source "ChessBase"]
[SourceDate "2013.11.20"]
[SourceVersion "1"]
[SourceVersionDate "2013.11.20"]
[SourceQuality "1"]

1. d4 d5 2. Nc3 Nf6 3. f4 e6 4. Nf3 c5 5. e3 cxd4 6. exd4 Bb4 7. a3 Bxc3+ 8. bxc3 Nc6 9. Bd3 Ne4 10. Bxe4 dxe4 11. Ne5 Nxe5 12. fxe5 b6 13. 0-0 0-0 14. a4 Bb7 15. Ba3 Re8 16. Bd6 Qg5 17. Qc1 e3 18. g3 Qh6 19. Rf4 g5 20. Rf6 Qh3 21. Qf1 Qh5 22. Re1 Be4 23. Rxe3 Bxc2 24. h3 Rac8 25. g4 Qh4 26. Rxf7 Bxa4 27. Ref3 Bc6 28. Rf8+ Rxf8 29. Rxf8+ Kg7 30. Qf6# 1-0

[Event "Stuttgart-chB int"]
[Site "Ditzingen"]
[Date "2012.05.19"]
[Round "5"]
[White "Su, Jahn"]
[Black "Notz, Lukas"]
[Result "1-0"]
[WhiteElo "1545"]
[BlackElo "1739"]
[PlyCount "41"]
[EventDate "2012.05.17"]
[EventType "swiss"]
[EventRounds "7"]
[EventCountry "GER"]
[SourceTitle "EXT 2018"]
[Source "ChessBase"]
[SourceDate "2017.10.13"]
[SourceVersion "1"]
[SourceVersionDate "2017.10.13"]
[SourceQuality "1"]

1. e4 c6 2. d4 d5 3. e5 c5 4. c3 Nc6 5. Nf3 Bg4 6. Nbd2 cxd4 7. cxd4 Nxd4 8. Qa4+ Nc6 9. Qxg4 e6 10. Bb5 Qb6 11. Bxc6+ bxc6 12. Nb3 h5 13. Qd4 Qa6 14. Bd2 Rc8 15. Bb4 c5 16. Nxc5 Qc4 17. Qxc4 dxc4 18. Na6 Rc6 19. Bxf8 Kxf8 20. 0-0-0 g5 21. Rd6 1-0

[Event "Stuttgart-chB int"]
[Site "Gerlingen"]
[Date "2011.06.03"]
[Round "3"]
[White "Notz, Lukas"]
[Black "Toenjes, Juergen"]
[Result "1-0"]
[WhiteElo "1445"]
[BlackElo "1768"]
[PlyCount "105"]
[EventDate "2011.06.02"]
[EventType "swiss"]
[EventRounds "7"]
[EventCountry "GER"]
[SourceTitle "EXT 2018"]
[Source "ChessBase"]
[SourceDate "2017.10.13"]
[SourceVersion "1"]
[SourceVersionDate "2017.10.13"]
[SourceQuality "1"]

1. d4 d5 2. Nf3 Nf6 3. Bf4 Bf5 4. e3 e6 5. Bd3 Bg6 6. c3 Bd6 7. Bxd6 Qxd6 8. Qe2 Nbd7 9. Nbd2 c6 10. e4 dxe4 11. Bxe4 Nxe4 12. Nxe4 Bxe4 13. Qxe4 Qd5 14. Qxd5 cxd5 15. Kd2 0-0 16. h4 h5 17. Ne5 Nxe5 18. dxe5 Rac8 19. b3 Rfd8 20. Rhg1 a5 21. a4 Rc5 22. Kd3 d4 23. c4 Rxe5 24. Rae1 Rf5 25. f3 Rf4 26. Re5 Rf5 27. Rxf5 exf5 28. Re1 b6 29. Re5 g6 30. f4 Rd6 31. g3 Kf8 32. c5 bxc5 33. Rxc5 Ra6 34. Kxd4 Ke7 35. Rc7+ Ke6 36. Kc5 Ra8 37. Rc6+ Ke7 38. Kb5 Rd8 39. Kxa5 Rd3 40. b4 Rxg3 41. b5 Rb3 42. Rc4 Kd7 43. Ka6 Re3 44. b6 Kd6 45. b7 Rb3 46. Rc8 Kd5 47. b8Q Rxb8 48. Rxb8 Ke4 49. Rb4+ Kf3 50. Kb5 Kg4 51. a5 Kxh4 52. a6 Kg3 53. a7 1-0